| 000 | 01331nam a2200277Ia 4500 | ||
|---|---|---|---|
| 003 | OSt | ||
| 005 | 20250416100534.0 | ||
| 008 | 191128t2002 ck er 000 f spa d | ||
| 020 | _a9588089441 | ||
| 040 |
_aCO-JMCR _cCO-JMCR |
||
| 041 | 0 | _aspa | |
| 082 | 0 | 4 |
_aA-N _bMILm |
| 245 | 1 | 4 |
_aLas mil y una noches / _cAnónimo ; selección y traducción de Julio Samsó |
| 260 |
_aBogotá : _bEl Tiempo, _c©2002 |
||
| 300 |
_a[335] páginas ; _c21 cm. |
||
| 490 | 0 | _aBiblioteca El Tiempo. Serie II Clásicos | |
| 520 | _aAladino y la lámpara maravillosa, Simbad el marino Alí Babá y los cuarenta ladrones y cientos de historias más, de corte fantástico pero con firme asidero en la realidad, que la hermosa Sherazada le va contando, noche por noche, a el gran rey Harum Al Rashid, integran esa maravillosa colección narrativa que se conoce con el nombre de Las mil y una noche, relatos de origen oriental, en su mayoría árabe, con mezcla de leyendas persas, musulmanas e hindúes. | ||
| 650 | 1 | 4 |
_aCuentos árabes _9631 |
| 650 | 1 | 4 |
_aHistorias de aventuras _xcuentos _9632 |
| 650 | 1 | 4 |
_aAnimales en la literatura _xcuentos _9633 |
| 650 | 1 | 4 |
_aAmor en la literatura _xcuentos _9634 |
| 650 | 1 | 4 |
_aMarinos _xcuentos _9635 |
| 650 | 1 | 4 |
_aLadrones _xcuentos _9636 |
| 700 | 1 |
_aSamsó, Julio, _dtraductor _9637 |
|
| 942 |
_2ddc _cBK |
||
| 999 |
_c4266 _d4266 |
||